Statistics for Countries of South America Without a Map

Click here to take the quiz!

General Stats

  • This quiz has been taken 23 times
  • The average score is 13 of 14

Answer Stats

Countries% Correct
Argentina
100%
Brazil
100%
Chile
100%
Ecuador
100%
Bolivia
95%
Colombia
95%
Guyana
95%
Paraguay
95%
Suriname
95%
Venezuela
95%
Peru
91%
French Guyana / France
82%
Uruguay
64%
Falkland Islands / United Kingdom
59%

Score Distribution

Percentile by Number Answered

Percent of People with Each Score

Your Score History

You have not taken this quiz